000 00324nam a2200109Ia 4500
008 231129s9999||||xx |||||||||||||| ||spa||
082 _aR903.728 C694
100 _aColeti Giandomenico.
245 0 _aDiccionario historico-geográfico de la América Meridional
264 _aBogotá : Banco de la República
942 _2ddc
_cBKS
999 _c9457
_d9457